Een nieuw zendingstijdperk? (Record no. 1654)

MARC details
000 -LEADER
fixed length control field 00973cam a22003375a 4500
001 - CONTROL NUMBER
control field data
005 - DATE AND TIME OF LATEST TRANSACTION
control field 20260322212111.0
008 - FIXED-LENGTH DATA ELEMENTS--GENERAL INFORMATION
fixed length control field data
035 ## - SYSTEM CONTROL NUMBER
System control number 21206170
010 ## - LIBRARY OF CONGRESS CONTROL NUMBER
LC control number 72351677
020 ## - INTERNATIONAL STANDARD BOOK NUMBER
International Standard Book Number 902423333X
020 ## - INTERNATIONAL STANDARD BOOK NUMBER
International Standard Book Number 9789024233335
035 ## - SYSTEM CONTROL NUMBER
System control number (OCoLC)927603
040 ## - CATALOGING SOURCE
Original cataloging agency BHA
Language of cataloging eng
Transcribing agency BHA
Modifying agency DLC
-- NLGGC
-- SZT
-- OCLCQ
-- OCLCF
-- OCLCQ
-- OCLCO
-- DLC
042 ## - AUTHENTICATION CODE
Authentication code lccopycat
050 00 - LIBRARY OF CONGRESS CALL NUMBER
Classification number BV2067
Item number .H45
082 04 - DEWEY DECIMAL CLASSIFICATION NUMBER
Classification number 266
084 ## - OTHER CLASSIFICATION NUMBER
Classification number 11.78
Number source bcl
100 1# - MAIN ENTRY--PERSONAL NAME
Personal name Heuvel, Albert H. van den.
245 14 - TITLE STATEMENT
Title Een nieuw zendingstijdperk?
Statement of responsibility, etc. [Door] A.H. van den Heuvel.
260 ## - PUBLICATION, DISTRIBUTION, ETC.
Place of publication, distribution, etc. Kampen,
Name of publisher, distributor, etc. Kok,
Date of publication, distribution, etc. 1972.
300 ## - PHYSICAL DESCRIPTION
Extent 35 pages
Dimensions 21 cm
336 ## - CONTENT TYPE
Content type term text
Content type code txt
Source rdacontent
337 ## - MEDIA TYPE
Media type term unmediated
Media type code n
Source rdamedia
338 ## - CARRIER TYPE
Carrier type term volume
Carrier type code nc
Source rdacarrier
504 ## - BIBLIOGRAPHY, ETC. NOTE
Bibliography, etc. note Includes bibliographical references.
650 #0 - SUBJECT ADDED ENTRY--TOPICAL TERM
Topical term or geographic name entry element Missions.
650 #7 - SUBJECT ADDED ENTRY--TOPICAL TERM
Topical term or geographic name entry element Missions.
Source of heading or term fast
Authority record control number or standard number (OCoLC)fst01023771
906 ## - LOCAL DATA ELEMENT F, LDF (RLIN)
a 7
b cbc
c copycat
d 3
e epcn
f 20
g y-gencatlg
Holdings
Withdrawn status Lost status Damaged status Not for loan Home library Current library Shelving location Date acquired Total checkouts Full call number Barcode Date last seen Price effective from Koha item type
        Institut Protestant de Théologie Institut Protestant de Théologie General stacks 22/03/2026   266 LOC-IPT-00045 22/03/2026 22/03/2026 Books